Word Ladder: Vegetarian Delights Quiz Stats

 Plays Quiz Updated May 22, 2018

Score 0/32 Timer 04:00
0 Plays Today
Clue 4-Letter Word % Correct
'Titanic' actress WinsletKATE
96.2%
Raggedy Ann or Barbie, e.g.DOLL
96%
Apple centerCORE
95.9%
Actor NicolasCAGE
95.2%
Leafy green veggie★★KALE★
94.9%
Scalp infestationLICE
94.7%
Herb used with pickles★★DILL★
93.9%
Pod veggies★★PEAS★
93.9%
MountaintopPEAK
93.8%
Give a hootCARE
92.6%
Paddy crop★★RICE★
91.9%
Chipmunk Chip's sidekickDALE
91.5%
Sneak a lookPEEK
91.2%
Pineapple purveyorDOLE
90.9%
Herb with parsley, rosemary and thyme★★SAGE★
90.8%
Seven of these get sailedSEAS
90.5%
Clue 4-Letter Word % Correct
Special benefit, at workPERK
90.5%
Quickly brown the carnivore's steakSEAR
90.4%
Succotash ingredient★★CORN★
90.4%
What the non-vegetarian Big Bad Wolf wanted for dinnerPORK
90.3%
Smutty picturesPORN
90%
Onionlike veggie★★LEEK★
90%
Faucet dripLEAK
89.7%
Fill up, like an appetiteSATE
88.7%
Bartlett, Bosc, or Red Anjou, e.g.★★PEAR★
87.1%
Low in fatLEAN
86.8%
Royal Navy scurvy preventer★★LIME★
83.4%
Duke, Viscount, or Earl, e.g.PEER
83.2%
Get fired upRILE
82.8%
Small streamRILL
80.8%
With first rung, succotash ingredient★★BEAN★
80.1%
With last rung, succotash ingredient★★LIMA★
69.8%

Today's Daily Dose

You're not logged in!

Compare scores with friends on all Sporcle quizzes.
OR
Log In

Sporcle TV

Today on Sporcle TV


Watch our educational content, quiz creation guides, and fun videos on Sporcle TV.

Show Comments

Extras

Top Quizzes Today


Score Distribution

Your Account Isn't Verified!

In order to create a playlist on Sporcle, you need to verify the email address you used during registration. Go to your Sporcle Settings to finish the process.

Report this User

Report this user for behavior that violates our Community Guidelines.

Details: